书目信息 |
| 题名: |
中国百科年鉴(1981)
|
|
| 作者: | ;中国大百科全书编委会 编 | |
| 分册: | ||
| 出版信息: | 上海 中国大百科全书出版社 1981.7 |
|
| 页数: | 609页 | |
| 开本: | 20cm | |
| 丛书名: | ||
| 单 册: | ||
| 中图分类: | Z52 | |
| 科图分类: | ||
| 主题词: | 年鉴--中国 , 年刊--中国 , 年报--中国 | |
| 电子资源: | ||
| ISBN: | ||
| 000 | 00673nam0 2200229 45 | |
| 001 | 0181015434 | |
| 005 | 20060605173850.64 | |
| 010 | @dCNY4.60 | |
| 091 | @a17197.1004 | |
| 100 | @a20810111d km y0chiy0120 ea | |
| 101 | 0 | @achi |
| 105 | @aa z 000yy | |
| 200 | 1 | @a中国百科年鉴(1981)@Azhong guo bai ke nian jian@f中国大百科全书编委会编@FZhong Guo Da Bai Ke Quan Shu Bian Wei Hui Bian |
| 210 | @a上海@c中国大百科全书出版社@d1981.7 | |
| 215 | @a609页@c插图@d20cm | |
| 606 | 0 | @a年鉴@x中国 |
| 606 | 0 | @a年刊@x中国 |
| 606 | 0 | @a年报@x中国 |
| 690 | @aZ52@v3 | |
| 711 | 02 | @a中国大百科全书编委会@4编 |
| 801 | @aCN@bTSTC@c20060605 | |
| 905 | @dZ52@e12(1981)@f1@b63070 | |
| 中国百科年鉴(1981)/中国大百科全书编委会编.-上海:中国大百科全书出版社,1981.7 |
| 609页:插图;20cm |
| ISBN :CNY4.60 |
| ● |
| 相关链接 |
|
|
|
|
正题名:中国百科年鉴(1981)
索取号:Z52/12(1981)
 
预约/预借
| 序号 | 登录号 | 条形码 | 馆藏地/架位号 | 状态 | 备注 |
| 1 | 0063070 | 001810614 | 密集书库/ [索取号:Z52/12(1981)] | 在馆 |